| 000 | 00000nam##2200000za#4500 |
| 001 | 9.571722 |
| 003 | CaOODSP |
| 005 | 20210624182851 |
| 007 | cr ||||||||||| |
| 008 | 150406|2000||||xxc|||||o f|0| 0 eng|d |
| 040 | |aCaOODSP|beng |
| 043 | |an-cn--- |
| 086 | 1 |aNH18-23/53E-PDF |
| 110 | 2 |aCanada Mortgage and Housing Corporation. |
| 245 | 10|aThree studies on municipal infrastructure : |h[electronic resource]|balternative financing methods, demand management and public-private partnerships |
| 260 | |aOttawa - Ontario : |bCanada Mortgage and Housing Corporation |c[2000]. |
| 300 | |a4p.|btable |
| 490 | 1 |aResearch highlight. Socio-economic series|v53 |
| 590 | |a11-22-Supp|b2011-10-13 |
| 690 | 07|aUrban communities|2gcpds |
| 690 | 07|aCommunity services|2gcpds |
| 690 | 07|aCosts|2gcpds |
| 690 | 07|aFunding|2gcpds |
| 775 | 08|tTrois études sur l'infrastructure municipale : |w(CaOODSP)9.602149 |
| 776 | 0#|tThree studies on municipal infrastructure: alternative financing methods, demand management and public-private partnerships |w(CaOODSP)9.615545 |
| 830 | #0|aResearch highlight. Socio-economic series ;|v53|w(CaOODSP)9.505168 |
| 856 | 40|ahttp://publications.gc.ca|qPDF|s49 KB|uhttps://publications.gc.ca/collections/Collection/NH18-23-53E.pdf|y53 |